[Event "Poti Aleksandria Cup 7th"]
[Site "Poti"]
[Date "2012.07.19"]
[Round "7"]
[White "Tqebuchava, Gocha"]
[Black "Gharibyan, Karen V"]
[Result "1-0"]
[WhiteElo "2286"]
[BlackElo "2147"]
[PlyCount "47"]
[EventDate "2012.07.14"]
[EventType "swiss"]
[EventRounds "9"]
[EventCountry "GEO"]
[SourceTitle "CBM 149 Extra"]
[Source "ChessBase"]
[SourceDate "2012.08.24"]
[SourceVersion "1"]
[SourceVersionDate "2012.08.24"]
[SourceQuality "1"]

1. d4 Nf6 2. Nf3 g6 3. g3 Bg7 4. Bg2 0-0 5. c4 d6 6. Nc3 Nbd7 7. 0-0 e5 8. e4 c6 9. h3 Re8 10. Re1 Qb6 11. b3 exd4 12. Na4 Qd8 13. Nxd4 d5 14. exd5 Rxe1+ 15. Qxe1 cxd5 16. cxd5 Nxd5 17. Bb2 N7f6 18. Rd1 Bd7 19. Bxd5 Bc6 20. Ne6 Qe7 21. Nxg7 Qxe1+ 22. Rxe1 Kxg7 23. Bxc6 bxc6 24. Rc1 1-0

[Event "Poti Aleksandria Cup"]
[Site "Poti"]
[Date "2011.07.12"]
[Round "2"]
[White "Azaladze, Shota"]
[Black "Gharibyan, Karen V"]
[Result "1/2-1/2"]
[WhiteElo "2436"]
[BlackElo "2124"]
[PlyCount "148"]
[EventDate "2011.07.11"]
[EventType "swiss"]
[EventRounds "9"]
[EventCountry "GEO"]
[SourceTitle "CBM 143 Extra"]
[Source "ChessBase"]
[SourceDate "2011.08.29"]
[SourceVersion "1"]
[SourceVersionDate "2011.08.29"]
[SourceQuality "1"]

1. Nf3 Nf6 2. g3 b5 3. Bg2 Bb7 4. 0-0 e6 5. d3 Be7 6. c4 bxc4 7. dxc4 c5 8. Nc3 0-0 9. Bf4 d6 10. Qc2 Qb6 11. Rfd1 Rd8 12. Rd2 Nc6 13. Rad1 d5 14. cxd5 Nb4 15. Qb1 Nbxd5 16. Be5 Nxc3 17. Bxc3 Nd5 18. Qc1 Nxc3 19. Qxc3 Rxd2 20. Rxd2 Bxf3 21. Bxf3 Rd8 22. b3 Rxd2 23. Qxd2 Qd8 24. Qc2 g6 25. Kg2 Qd4 26. e3 Qd6 27. Qc3 Bf8 28. h4 h5 29. Qa5 Qb6 30. Qa4 Qc7 31. Kf1 Be7 32. Qe8+ Kg7 33. Be2 Qd8 34. Qa4 Qc7 35. Bc4 Kf8 36. Ke2 Bf6 37. Qb5 Bd8 38. a4 Qb6 39. Qd7 Qc7 40. Qd2 Bf6 41. a5 a6 42. Bxa6 Bd8 43. Qc3 Kg8 44. Bc4 Qxa5 45. Qd3 Kg7 46. Qd7 Qc7 47. Bxe6 Qxd7 48. Bxd7 Kf6 49. Bb5 Ba5 50. Bc4 Ke7 51. Kf1 f5 52. Bb5 Bc3 53. Ke2 Ba5 54. Bc6 Bc3 55. f3 Be5 56. Kf2 Bc7 57. Bd5 Bb6 58. Kg2 Ba5 59. Kf2 Bc7 60. Bc4 Kf6 61. Bb5 Ke7 62. Kg2 Ba5 63. Bd3 Be1 64. Kh3 Bf2 65. e4 fxe4 66. fxe4 Be3 67. Kg2 Ke6 68. Kf3 Bd4 69. e5 g5 70. hxg5 Bxe5 71. Bg6 Ke7 72. Bxh5 Kf8 73. g4 Kg7 74. Ke4 Bh2 1/2-1/2